| 000 | 00637nam a22002297a 4500 | ||
|---|---|---|---|
| 005 | 20170124110037.0 | ||
| 010 | _a147611 | ||
| 020 | _c00.00 | ||
| 035 | _a147611 | ||
| 037 | _bCen Lib/Ret | ||
| 040 |
_aDPL _bEN |
||
| 082 |
_a301 _bROU |
||
| 100 |
_aRoucek, Joseph S. _922856 |
||
| 245 |
_aContemporary scociology / _cby Joseph S. Roucek |
||
| 260 |
_aLondon _bPeter owen Limited |
||
| 270 |
_a50. Old Brompton Road _bLondon _eSW7 |
||
| 300 |
_axii,1209p. _c22cm(Hb) |
||
| 500 | _aIncludes index. | ||
| 650 |
_aScociology _922857 |
||
| 650 |
_aContemporary scociology _922858 |
||
| 942 |
_2ddc _cEN _h301 _mROU |
||
| 999 |
_c128260 _d128260 |
||